[Event "GER-ch U18 Girls"]
[Site "Willingen"]
[Date "2022.06.06"]
[Round "3"]
[White "Kroemer, Paulina"]
[Black "Orlova, Alicia"]
[Result "1/2-1/2"]
[WhiteElo "1583"]
[BlackElo "1723"]
[PlyCount "80"]
[EventDate "2022.06.04"]
[EventType "swiss"]
[EventRounds "9"]
[EventCountry "GER"]
[SourceTitle "CBM 208 Extra"]
[Source "ChessBase"]
[SourceDate "2022.07.31"]
[SourceVersion "1"]
[SourceVersionDate "2022.07.31"]
[SourceQuality "1"]

1. d4 d5 2. Nf3 Nf6 3. c4 c6 4. Nc3 Bf5 5. e3 h6 6. Be2 e6 7. cxd5 exd5 8. 0-0 Bd6 9. Bd2 Nbd7 10. Rc1 g5 11. Be1 g4 12. Nh4 Be6 13. f4 gxf3 14. Bxf3 a6 15. e4 dxe4 16. Nxe4 Nxe4 17. Bxe4 Qg5 18. Qd2 Nf6 19. Qxg5 hxg5 20. Rxf6 gxh4 21. Bc3 Ke7 22. d5 cxd5 23. Rxe6+ fxe6 24. Bxh8 Rxh8 25. Bf3 Rd8 26. h3 Bf4 27. Rc3 Kd6 28. Kf2 e5 29. Bxd5 Rf8 30. Bxb7 Bg3+ 31. Ke3 Rf2 32. Rc6+ Kd7 33. Rxa6 Rxb2 34. Bf3 Rb4 35. a4 Bf4+ 36. Kd3 Rd4+ 37. Kc3 Bd2+ 38. Kc2 Bf4 39. Kc3 Bd2+ 40. Kc2 Bf4 1/2-1/2

[Event "GER-chT U20 Girls"]
[Site "Willingen"]
[Date "2021.06.25"]
[Round "3.3"]
[White "Wilmink, Anna"]
[Black "Kroemer, Paulina"]
[Result "1-0"]
[WhiteElo "1552"]
[BlackElo "1539"]
[PlyCount "77"]
[EventDate "2021.06.23"]
[EventType "team-swiss"]
[EventRounds "7"]
[EventCountry "GER"]
[SourceTitle "CBM 203 Extra"]
[Source "ChessBase"]
[SourceDate "2021.09.30"]
[SourceVersion "1"]
[SourceVersionDate "2021.09.30"]
[SourceQuality "1"]
[WhiteTeam "Nordhorn Blanke"]
[BlackTeam "Erfurt SK"]
[WhiteTeamCountry "GER"]
[BlackTeamCountry "GER"]

1. d4 d5 2. g3 e6 3. Bg2 f5 4. Nf3 Nf6 5. Bf4 Be7 6. Nbd2 0-0 7. 0-0 Ne4 8. Ne5 Nd7 9. f3 Nef6 10. e4 Nh5 11. Nxd7 Bxd7 12. Be5 c6 13. c4 Nf6 14. Kh1 Be8 15. g4 Nd7 16. gxf5 Nxe5 17. dxe5 dxc4 18. Nxc4 exf5 19. exf5 Qxd1 20. Raxd1 Rxf5 21. f4 g5 22. fxg5 Rxf1+ 23. Rxf1 Bxg5 24. Nd6 b6 25. Rf5 h6 26. Nxe8 Rxe8 27. Bxc6 Rd8 28. e6 Rd2 29. Bb5 Rd1+ 30. Kg2 Re1 31. Bc4 a5 32. Rf7 Kh8 33. Rb7 Re4 34. b3 a4 35. Rxb6 Rg4+ 36. Kf3 Rf4+ 37. Kg3 Re4 38. Rb7 a3 39. Ra7 1-0

[Event "Erfurt AT op 27th"]
[Site "Erfurt"]
[Date "2017.12.29"]
[Round "6"]
[White "Kroemer, Paulina"]
[Black "Naumann, Thomas"]
[Result "0-1"]
[WhiteElo "1525"]
[BlackElo "1726"]
[PlyCount "62"]
[EventDate "2017.12.27"]
[EventType "swiss"]
[EventRounds "7"]
[EventCountry "GER"]
[SourceTitle "CBM 182 Extra"]
[Source "ChessBase"]
[SourceDate "2018.02.23"]
[SourceVersion "1"]
[SourceVersionDate "2018.02.23"]
[SourceQuality "1"]

1. d4 d5 2. Nf3 Nf6 3. e3 Bg4 4. c4 e6 5. Nc3 Be7 6. Qb3 b6 7. h3 Bxf3 8. gxf3 0-0 9. Bd3 c5 10. Bd2 dxc4 11. Qxc4 Nc6 12. dxc5 Ne5 13. Bxh7+ Nxh7 14. Qe4 Nd3+ 15. Ke2 Nxc5 16. Qc2 Qc8 17. Rhg1 Qa6+ 18. Kd1 Bh4 19. b4 Nd7 20. b5 Qb7 21. Ke2 Ne5 22. e4 Rac8 23. Rg2 Qc7 24. Qb3 Ng6 25. Qc2 Bf6 26. Rc1 Nf4+ 27. Bxf4 Qxf4 28. Rg4 Qc7 29. Qd2 Rfd8 30. Qe3 Qc4+ 31. Ke1 Bxc3+ 0-1

[Event "GER-chT U14 Girls"]
[Site "Duesseldorf"]
[Date "2016.12.29"]
[Round "6.3"]
[White "Kroemer, Paulina"]
[Black "Grey, Andrea"]
[Result "0-1"]
[WhiteElo "1251"]
[BlackElo "1526"]
[PlyCount "120"]
[EventDate "2016.12.27"]
[EventType "team-swiss"]
[EventRounds "7"]
[EventCountry "GER"]
[SourceTitle "EXT 2018"]
[Source "ChessBase"]
[SourceDate "2017.10.13"]
[SourceVersion "1"]
[SourceVersionDate "2017.10.13"]
[SourceQuality "1"]
[WhiteTeam "Erfurt Empor"]
[BlackTeam "Berlin Schachpinguine"]
[WhiteTeamCountry "GER"]
[BlackTeamCountry "GER"]

1. d4 d5 2. Nf3 e6 3. e3 Nf6 4. Bd3 c5 5. b3 a6 6. a4 b6 7. Bb2 Bb7 8. Nbd2 Be7 9. 0-0 0-0 10. Ne5 Nc6 11. f4 Qc7 12. Rf3 Nb4 13. Be2 cxd4 14. exd4 Qxc2 15. Qxc2 Nxc2 16. Rc1 Rac8 17. Rc3 Nxd4 18. Bd3 Nf5 19. Ndf3 Bc5+ 20. Kh1 h6 21. R3c2 Ne7 22. a5 Rfd8 23. axb6 Bxb6 24. Nd4 Rxc2 25. Rxc2 Rc8 26. Rxc8+ Nxc8 27. Ndc6 Bxc6 28. Nxc6 Nd6 29. Bxa6 Nfe4 30. g3 f6 31. Be2 Kf7 32. Kg2 g6 33. b4 Nf5 34. b5 Ke8 35. Bd3 Nfd6 36. Kf3 g5 37. fxg5 hxg5 38. Kg4 Nf2+ 39. Kh5 Nxd3 40. Bxf6 Nxb5 41. Kxg5 Be3+ 42. Kg6 Kd7 43. Ne7 d4 44. Bxd4 Nxd4 45. Ng8 Ne5+ 46. Kg7 Nf5+ 47. Kh7 Kd6 48. Nf6 Ke7 49. Nh5 Ng4 50. Kg6 Nxh2 51. Nf4 Bxf4 52. gxf4 Kd6 53. Kf7 Kd5 54. Kf6 Nf3 55. Kg6 Ke4 56. Kf6 N5d4 57. f5 exf5 58. Kg6 f4 59. Kh5 Nd2 60. Kg4 f3 0-1

[Event "GER-chT U14 Girls"]
[Site "Duesseldorf"]
[Date "2016.12.27"]
[Round "2.3"]
[White "Kublanov, Elizabeth"]
[Black "Kroemer, Paulina"]
[Result "1-0"]
[WhiteElo "1567"]
[BlackElo "1251"]
[PlyCount "75"]
[EventDate "2016.12.27"]
[EventType "team-swiss"]
[EventRounds "7"]
[EventCountry "GER"]
[SourceTitle "EXT 2018"]
[Source "ChessBase"]
[SourceDate "2017.10.13"]
[SourceVersion "1"]
[SourceVersionDate "2017.10.13"]
[SourceQuality "1"]
[WhiteTeam "Solingen SG"]
[BlackTeam "Erfurt Empor"]
[WhiteTeamCountry "GER"]
[BlackTeamCountry "GER"]

1. d4 d5 2. Nf3 e6 3. e3 f5 4. Bd3 Nf6 5. 0-0 c6 6. Nbd2 Bd6 7. b3 0-0 8. Bb2 Nbd7 9. Ne5 Ne4 10. f4 Nxe5 11. dxe5 Bc5 12. Rf3 Bd7 13. Rh3 Be8 14. Qe2 Bg6 15. Kh1 Qa5 16. Nf3 h6 17. Rg1 Qb6 18. Nd4 Rae8 19. g4 Bxd4 20. Bxd4 c5 21. Bb2 fxg4 22. Rh4 Bf5 23. Qg2 Rf7 24. Be2 Qd8 25. Rh5 g6 26. Rxh6 Kg7 27. Rxg6+ Bxg6 28. Bxg4 Qh4 29. Rf1 Rh8 30. Bxe6 Kf8 31. Bxf7 Nf2+ 32. Qxf2 Be4+ 33. Kg1 Qg4+ 34. Qg3 Qe2 35. e6 Rxh2 36. Qg8+ Ke7 37. Qe8+ Kd6 38. Be5# 1-0

[Event "GER-ch U12 Girls"]
[Site "Willingen"]
[Date "2016.05.16"]
[Round "3"]
[White "Hapke, Lara"]
[Black "Kroemer, Paulina"]
[Result "1/2-1/2"]
[WhiteElo "971"]
[BlackElo "1249"]
[PlyCount "49"]
[EventDate "2016.05.15"]
[EventType "swiss"]
[EventRounds "11"]
[EventCountry "GER"]
[SourceTitle "CBM 172 Extra"]
[Source "ChessBase"]
[SourceDate "2016.06.21"]
[SourceVersion "1"]
[SourceVersionDate "2016.06.21"]
[SourceQuality "1"]

1. e4 d5 2. exd5 Qxd5 3. Nc3 Qa5 4. Nf3 Nf6 5. Bc4 Bf5 6. 0-0 e6 7. d3 c6 8. Re1 Bd6 9. Ne4 Be7 10. Nxf6+ Bxf6 11. Bf4 0-0 12. Ne5 Rd8 13. Qf3 Nd7 14. Nxd7 Rxd7 15. c3 Rad8 16. d4 h6 17. Qg3 Bg6 18. Be5 Bxe5 19. Rxe5 Qb6 20. Bb3 Qc7 21. Qf3 b6 22. h3 c5 23. Ree1 cxd4 24. cxd4 Rxd4 25. Rac1 1/2-1/2